Genomics and pharmacogenomics in anticancer drug development and clinical response / (Record no. 20002)
[ view plain ]
| 000 -LEADER | |
|---|---|
| fixed length control field | 01811cam a22004694a 4500 |
| 001 - CONTROL NUMBER | |
| control field | 15472966 |
| 003 - CONTROL NUMBER IDENTIFIER | |
| control field | OSt |
| 005 - DATE AND TIME OF LATEST TRANSACTION | |
| control field | 20230220110912.0 |
| 008 - FIXED-LENGTH DATA ELEMENTS--GENERAL INFORMATION | |
| fixed length control field | 080925s2008 njua b 001 0 eng c |
| 010 ## - LIBRARY OF CONGRESS CONTROL NUMBER | |
| LC control number | 2008938265 |
| Canceled/invalid LC control number | 2008938268 |
| 015 ## - NATIONAL BIBLIOGRAPHY NUMBER | |
| National bibliography number | GBA871787 |
| Source | bnb |
| 016 7# - NATIONAL BIBLIOGRAPHIC AGENCY CONTROL NUMBER | |
| Record control number | 101493871 |
| Source | DNLM |
| 016 7# - NATIONAL BIBLIOGRAPHIC AGENCY CONTROL NUMBER | |
| Record control number | 014627855 |
| Source | Uk |
| 020 ## - INTERNATIONAL STANDARD BOOK NUMBER | |
| International Standard Book Number | 1617376948 |
| 035 ## - SYSTEM CONTROL NUMBER | |
| System control number | (OCoLC)ocn166358032 |
| 040 ## - CATALOGING SOURCE | |
| Original cataloging agency | NLM |
| Transcribing agency | NLM |
| Modifying agency | UKM |
| -- | BTCTA |
| -- | BAKER |
| -- | YDXCP |
| -- | BWX |
| -- | LTL |
| -- | DLC |
| -- | IG# |
| -- | DLC |
| 042 ## - AUTHENTICATION CODE | |
| Authentication code | pcc |
| 050 00 - LIBRARY OF CONGRESS CALL NUMBER | |
| Classification number | RC271 |
| Item number | .G46 2010 |
| 245 00 - TITLE STATEMENT | |
| Title | Genomics and pharmacogenomics in anticancer drug development and clinical response / |
| Statement of responsibility, etc. | edited by Federico Innocenti. |
| 260 ## - PUBLICATION, DISTRIBUTION, ETC. (IMPRINT) | |
| Place of publication, distribution, etc. | Totowa, NJ : |
| Name of publisher, distributor, etc. | Humana, |
| Date of publication, distribution, etc. | 2010 |
| 300 ## - PHYSICAL DESCRIPTION | |
| Extent | xiv, 379p. : |
| 490 1# - SERIES STATEMENT | |
| Series statement | Cancer drug discovery and development |
| 504 ## - BIBLIOGRAPHY, ETC. NOTE | |
| Bibliography, etc | Includes bibliographical references and index. |
| 505 0# - FORMATTED CONTENTS NOTE | |
| Formatted contents note | Genomic experimental approaches in oncology -- Pharmacogenomics of toxicity and response of chemotherapy -- Pharmacogenomics in clinical drug development in oncology. |
| 650 #0 - SUBJECT ADDED ENTRY--TOPICAL TERM | |
| Topical term or geographic name as entry element | Cancer |
| General subdivision | Genetic aspects. |
| 650 #0 - SUBJECT ADDED ENTRY--TOPICAL TERM | |
| Topical term or geographic name as entry element | Cancer |
| General subdivision | Molecular aspects. |
| 650 #0 - SUBJECT ADDED ENTRY--TOPICAL TERM | |
| Topical term or geographic name as entry element | Genomics. |
| 650 #0 - SUBJECT ADDED ENTRY--TOPICAL TERM | |
| Topical term or geographic name as entry element | Pharmacogenomics. |
| 650 #0 - SUBJECT ADDED ENTRY--TOPICAL TERM | |
| Topical term or geographic name as entry element | Drug development. |
| 650 #0 - SUBJECT ADDED ENTRY--TOPICAL TERM | |
| Topical term or geographic name as entry element | Antineoplastic agents |
| General subdivision | Development. |
| 650 12 - SUBJECT ADDED ENTRY--TOPICAL TERM | |
| Topical term or geographic name as entry element | Antineoplastic Agents. |
| 650 22 - SUBJECT ADDED ENTRY--TOPICAL TERM | |
| Topical term or geographic name as entry element | Genomics. |
| 650 22 - SUBJECT ADDED ENTRY--TOPICAL TERM | |
| Topical term or geographic name as entry element | Neoplasms |
| General subdivision | drug therapy. |
| 650 22 - SUBJECT ADDED ENTRY--TOPICAL TERM | |
| Topical term or geographic name as entry element | Neoplasms |
| General subdivision | genetics. |
| 650 22 - SUBJECT ADDED ENTRY--TOPICAL TERM | |
| Topical term or geographic name as entry element | Pharmacogenetics |
| General subdivision | methods. |
| 700 1# - ADDED ENTRY--PERSONAL NAME | |
| Personal name | Innocenti, Federico. |
| 830 #0 - SERIES ADDED ENTRY--UNIFORM TITLE | |
| Uniform title | Cancer drug discovery and development. |
| 906 ## - LOCAL DATA ELEMENT F, LDF (RLIN) | |
| a | 7 |
| b | cbc |
| c | pccadap |
| d | 2 |
| e | epcn |
| f | 20 |
| g | y-gencatlg |
| 942 ## - ADDED ENTRY ELEMENTS (KOHA) | |
| Source of classification or shelving scheme | Library of Congress Classification |
| Koha item type | General Collection |
| Withdrawn status | Lost status | Source of classification or shelving scheme | Not for loan | Home library | Current library | Date acquired | Cost, normal purchase price | Total Checkouts | Full call number | Barcode | Date last seen | Price effective from | Koha item type |
|---|---|---|---|---|---|---|---|---|---|---|---|---|---|
| Library of Congress Classification | Kabarak, Main Campus | Kabarak, Main Campus | 20/02/2023 | 20948.00 | RC271 .G46 2010 c.1 | 34669 | 20/02/2023 | 20/02/2023 | General Collection |